000 00957nam a2200301Ia 4500
001 Para_7576
003 CHAP
008 220125s1908 xx 000 0 und d
010 _a206490
040 _cCHAP
082 _aPA-C 632.7 B85
100 _aQuayle, H.J.
245 _aThe California grape root-worm /
_c by M.J. Quayle
260 _aSacramento :
_b University of California. College of Agriculture. Agricultural Experiment Station
300 _a28 p.
440 _aCalifornia Agr. Exp. Sta. Bulletin; 195
_9172785
500 _aEncuadernado con otros impresos similares
650 _aAgricultura
_x California
_xcolecciones de escritos
_9172776
650 _aAgricultura
_x California
_xplagas
_9172777
650 _aUva
_x plagas
_9117135
901 _aPA-C 632.7 B85
902 _aA
905 _a0000001908 a 0000000000 00
910 _a1908
942 _cPARA
942 _cPARA
_d1
999 _c206490
_d206490